Statistics for Metal Gear Rising: Revengeance Bosses

Click here to take the quiz!

General Stats

  • This quiz has been taken 233 times
  • The average score is 6 of 9

Answer Stats

HintName% Correct
The complete opposite of Raiden (The Only Thing I Know For Real)Jetstream Sam / Sam
85%
The Cold Wind of France (A Stranger I Remain)Mistral
85%
The giant machine (Rules of Nature)Metal Gear RAY / MG-RAY
83%
Fast and wise cyborg (The Stains Of Time)Monsoon
83%
The dog-cyborg (I Am My Own Master Now)LQ-84i / Bladewolf
79%
The Californian Wildfire (Red Sun Over Paradise)Sundowner
78%
The senator and owner of Desperado (It Has To Be This Way)Senator Armstrong / Steven Armstrong
74%
The machine blocking Raiden's way (Rules Of Nature)Grad UG / Grad
34%
Giant mech piloted by the one below (Collective Consciousness)MG-EXCELSUS
24%

Score Distribution

Percentile by Number Answered

Percent of People with Each Score

Your Score History

You have not taken this quiz